000 00469nam a2200181Ia 4500
001 24495
005 20260414151047.0
008 260414t2004||||xx |||||||||||||| ||spa||
041 _aESP
082 _a345.71
_bD64
100 _aDevis Echandía, Hernando
_eAUT
245 0 _aTeoría general del proceso :
_baplicable a toda clase de procesos
260 _c2004
300 _a568 páginas :
_c23 cm.
650 _aDER
654 _aCDE
942 _cLIB
_dJUS
_fJUS
_2ddc
_n
999 _c24495
_d24495